Информационное обеспечение общесоюзных научно-технических программ (Запись № 2306043)

Подробности
000 -МАРКЕР
контрольное поле 11025nas1a22007331i 4500
001 - ИДЕНТИФИКАТОР ЗАПИСИ
контрольное поле RU\NLR\INFOCOMM19\1000048981
005 - ИДЕНТИФИКАТОР ВЕРСИИ
контрольное поле 20260407150807.0
035 ## - ДРУГИЕ СИСТЕМНЫЕ НОМЕРА
Идентификатор записи (NLR Aleph) 002467234
100 ## - ДАННЫЕ ОБЩЕЙ ОБРАБОТКИ
Данные общей обработки 20040324c1982 |||y0rusy50 ca
101 0# - ЯЗЫК РЕСУРСА
Язык текста, звукозаписи и т.д. русский
102 ## - СТРАНА ПУБЛИКАЦИИ ИЛИ ПРОИЗВОДСТВА
Страна публикации российская федерация
110 ## - ПОЛЕ КОДИРОВАННЫХ ДАННЫХ: ПРОДОЛЖАЮЩИЕСЯ РЕСУРСЫ
Кодированные данные продолжающегося ресурса ayu||||0|y0
200 1# - ЗАГЛАВИЕ И СВЕДЕНИЯ ОБ ОТВЕТСТВЕННОСТИ
Основное заглавие Информационное обеспечение общесоюзных научно-технических программ
Сведения, относящиеся к заглавию Обзор информ.
Первые сведения об ответственности ВНИИКИ
210 ## - ПУБЛИКАЦИЯ, РАСПРОСТРАНЕНИЕ И ДР.
Место издания, распространения и т.д. М.
Дата издания, распространения и т.д. 1982 -
300 ## - ОБЩИЕ ПРИМЕЧАНИЯ
Текст примечания В надзаг. также: Гос. ком. СССР по стандартам. Госстандарт СССР
430 #0 - ПРОДОЛЖЕН
Встроенное поле 001rc\1105773
-- 2001#$aИнформационное обеспечение целевых комплексных научно-технических программ и программ по решению важнейших научно-технических проблем
Системный номер (АБИС) связанной записи 5056743
Место публикации М.
Дата публикации 1982 - 1985
Первые сведения об ответственности ВНИИКИ
Сведения, относящиеся к заглавию Обзор. информ.
Заглавие Информационное обеспечение целевых комплексных научно-технических программ и программ по решению важнейших научно-технических проблем
430 #0 - ПРОДОЛЖЕН
Встроенное поле 001rc\1105774
-- 2001#$aИнформационное обеспечение целевых научно-технических программ и программ по решению важнейших научно-технических проблем
Системный номер (АБИС) связанной записи 5056746
Место публикации М.
Дата публикации 1986
Первые сведения об ответственности ВНИИКИ
Сведения, относящиеся к заглавию Обзор. информ.
Заглавие Информационное обеспечение целевых научно-технических программ и программ по решению важнейших научно-технических проблем
512 1# - ЗАГЛАВИЕ ОБЛОЖКИ
Заглавие обложки Информационное обеспечение целевых комплексных программ
517 1# - ДРУГИЕ ВАРИАНТЫ ЗАГЛАВИЯ
Вариант заглавия Информационное обеспечение целевых комплексных научно-технических программ и программ по решению научно-технических проблем
712 02 - НАИМЕНОВАНИЕ ОРГАНИЗАЦИИ - ВТОРИЧНАЯ ОТВЕТСТВЕННОСТЬ
Код отношения Прочие
Начальный элемент ввода ВНИИ технической информации, классификации и кодирования
Идентификатор авторитетной/нормативной записи RU\NLR\AUTH\8810025845
Системный номер авторитетной/нормативной записи 549921
801 #1 - ИСТОЧНИК ЗАПИСИ
Страна российская федерация
Организация InfoComm
Дата составления 20040324
801 #0 - ИСТОЧНИК ЗАПИСИ
Страна российская федерация
Организация NLR
Правила каталогизации PSBO
852 ## - МЕСТОНАХОЖДЕНИЕ И ШИФР ХРАНЕНИЯ
Идентификатор организации NLR
Шифр хранения (Call Number) П10/5940
942 ## - ДОПОЛНИТЕЛЬНЫЕ ЭЛЕМЕНТЫ ЗАПИСИ (АБИС)
Тип экземпляра АБИС Журнал
980 ## - КОЛЛЕКЦИЯ
Название коллекции Русская периодика

Нет доступных экземпляров.